Southville International School and Colleges
Your cart is empty.
  • Cart
  • Lists
    Public lists Eva Luna New books Lux_list list_1
    Your lists Log in to create your own lists
  • Log in to your account
  • Your cookies
  • Search history
Southville International School and Colleges
  • Advanced search
  • Recent comments
  • Most popular
  • Libraries

Log in to your account

Log in with GOOGLE


If you do not have an external account, but do have a local account, you can still log in:

  1. Home
  2. MARC view: Learn all about MS Excel /
Normal view MARC view ISBD view

Learn all about MS Excel / (Record no. 300853)

[ view plain ]
MARC details
000 -LEADER
fixed length control field 00673nam a2200241Ia 4500
008 - FIXED-LENGTH DATA ELEMENTS--GENERAL INFORMATION
fixed length control field 160901s9999 xx 000 0 und d
020 ## - INTERNATIONAL STANDARD BOOK NUMBER
International Standard Book Number 81-7573-795-6
050 ## - LIBRARY OF CONGRESS CALL NUMBER
Classification number ComSc HF 5548.4
050 ## - LIBRARY OF CONGRESS CALL NUMBER
Item number .M523J34 2004
100 ## - MAIN ENTRY--PERSONAL NAME
Personal name Jagtiani, Reema
245 ## - TITLE STATEMENT
Title Learn all about MS Excel /
245 ## - TITLE STATEMENT
Statement of responsibility, etc Reema Jagtiani.
260 ## - PUBLICATION, DISTRIBUTION, ETC. (IMPRINT)
Place of publication, distribution, etc India :
260 ## - PUBLICATION, DISTRIBUTION, ETC. (IMPRINT)
Name of publisher, distributor, etc John Wiley and Sons, Inc.,
260 ## - PUBLICATION, DISTRIBUTION, ETC. (IMPRINT)
Date of publication, distribution, etc 2004
300 ## - PHYSICAL DESCRIPTION
Extent 951 pages :
300 ## - PHYSICAL DESCRIPTION
Other physical details ill. ;
300 ## - PHYSICAL DESCRIPTION
Dimensions 23 cm.
500 ## - GENERAL NOTE
General note Includes bibliographical references and index.
650 ## - SUBJECT ADDED ENTRY--TOPICAL TERM
Topical term or geographic name as entry element Business -- Computer programs.
650 ## - SUBJECT ADDED ENTRY--TOPICAL TERM
Topical term or geographic name as entry element Microsoft Excel (Computer file).
650 ## - SUBJECT ADDED ENTRY--TOPICAL TERM
General subdivision Electronic spreadsheets.
Holdings
Withdrawn status Lost status Damaged status Home library Current library Shelving location Date acquired Cost, normal purchase price Total Checkouts Full call number Barcode Date last seen Price effective from Koha item type
      South Mansfield College South Mansfield College   03/07/2005 133.00   ComSc HF 5548.4 .M523J34 2004 SMC01908 09/01/2016 09/01/2016  

Learn all about MS Excel /

APA

Jagtiani R., .Learn all about MS Excel. India: .

Chicago

Jagtiani Reema, .Learn all about MS Excel. India: .

Harvard

Jagtiani R., .Learn all about MS Excel. India: .

MLA

Jagtiani Reema, .India: . .

  • Place hold
  • Print
  • Cite
  • Add to your cart (remove)
  • Save record
    BIBTEX Dublin Core MARCXML MARC (non-Unicode/MARC-8) MARC (Unicode/UTF-8) MARC (Unicode/UTF-8, Standard) MODS (XML) RIS
  • More searches
    Search for this title in:
    Other Libraries (WorldCat) Other Databases (Google Scholar) Online Stores (Bookfinder.com) Open Library (openlibrary.org)

Exporting to Dublin Core...

SOUTHVILLE LIBRARY

Southville International School and Colleges Library

1281 Tropical Ave. Cor. Luxembourg St., BF Homes International, Las Pinas City

Tel. No. 8256374 / 252358 Loc. 117/146

Powered by Koha